Normal view
MARC view
- الصحن، عبدالفتاح، م.مشارك احمد بسيوني شحاته
Entry Personal Name
001 - CONTROL NUMBER
- control field: 45816
003 - CONTROL NUMBER IDENTIFIER
- control field: JO-AjAnu
005 - DATE AND TIME OF LATEST TRANSACTION
- control field: 20230606081557.0
008 - FIXED-LENGTH DATA ELEMENTS
- fixed length control field: 230606|| aca||aabn | a|a d
040 ## - CATALOGING SOURCE
- Original cataloging agency: JO-AjAnu
- Transcribing agency: JO-AjAnu
100 ## - HEADING--PERSONAL NAME
- Personal name: الصحن، عبدالفتاح، م.مشارك احمد بسيوني شحاته
670 ## - SOURCE DATA FOUND
- Source citation: Work cat.: (JO-AjAnu)23455: الصحن، عبدالفتاح، م.مشارك احمد بسيوني شحاته, author, المحاسبة في شركات الاشخاص والاموال